Estadísticas para Prueba de Afganistán

Haz click aquí para tomar la prueba!

Estadísticas generales

  • Esta prueba ha sido tomada 225 veces
  • La puntuación promedio es 8 de 19

Estadísticas de respuestas

PreguntaRespuesta% Correcto
¿Cuál es la capital de Afganistán?Kabul
97%
¿Qué grupo terrorista gobernó en el Afganistán de 1996 a 2001?Taliban
75%
¿Qué país comparte la frontera más corta con el Afganistán?China
69%
¿Qué país invadió el Afganistán en 1979?Unión Soviética
69%
¿Cuáles son los dos idiomas oficiales de Afganistán?Darí
59%
Ese grupo destruyó dos estatuas que se encontraban en la ciudad
Bamyan en 2001. ¿Qué figura histórica representaban?
Buda
54%
¿A qué rama del Islam pertenecen la mayoría de los Hazara?Chiitas
50%
¿Cuáles son los dos idiomas oficiales de Afganistán?Pastún
42%
¿Afganistán es responsable del 90% de la producción mundial de qué planta?Amapola de opio
42%
¿Qué cordillera cubre el centro de Afganistán?Hindú {Kush}
38%
¿Qué libro más vendido es sobre la amistad entre Amir y Hassan?{Cometas} en el cielo
35%
¿Cuál es la moneda de Afganistán?Afgani
34%
¿Cuál es la segunda ciudad más poblada de Afganistán?Kandahar
33%
¿Cuál es el apodo de Afganistán?Cementerio de {Imperios}
28%
¿Quién es el autor de ese libro?Khaled Hosseini
26%
¿Quién fue el presidente de Afganistán de 2004 a 2014?Hamid Karzai
23%
¿Qué paso de montaña entre Afganistán y Pakistán fue parte integral de la Ruta de la Seda?Paso {Khyber}
21%
¿Qué ciudad del noroeste de Afganistán era históricamente conocida por su vino?Herāt
19%
¿Qué poeta nació en 1207 en la ciudad de Balkh y ahora, según algunos, es el poeta más vendido de todos los tiempos en los Estados Unidos?Rumi
17%

Distribución de puntuación

Porcentaje por número respondido

Porcentaje de gente con cada puntuación

Historial de tus puntuaciones

No has tomado esta prueba